[Event "GRENKE Chess Open 2018"]
[Site "Karlsruhe GER"]
[Date "2018.04.01"]
[Round "6.19"]
[White "Burri, Quentin"]
[Black "David, Alberto"]
[Result "1-0"]
[WhiteTitle "FM"]
[BlackTitle "GM"]
[WhiteElo "2410"]
[BlackElo "2566"]
[WhiteFideId "26028654"]
[BlackFideId "4000013"]
[EventDate "2018.03.29"]

1. e4 c6 2. d4 d5 3. e5 Bf5 4. Nf3 e6 5. Be2 h6 6. O-O Ne7 7. Nbd2 Nd7 8. Nb3
Bg6 9. Bd2 Nf5 10. Rc1 Rc8 11. g4 Ne7 12. Nh4 Bh7 13. f4 c5 14. c3 Nc6 15. Ng2
c4 16. Na1 Qb6 17. Kh1 Qxb2 18. f5 Ne7 19. Nc2 g5 20. Nce3 Qa3 21. Qe1 Nc6 22.
Qf2 Nd8 23. Bd1 Be7 24. Bc2 Nb6 25. Rb1 Kd7 26. Rb5 Nc6 27. Rfb1 Kc7 28. fxe6
fxe6 29. Qf7 Bxc2 30. Nxc2 Qa4 31. Nge3 Kd7 32. Be1 Rcf8 33. Qg6 Rfg8 34. Qf7
Rf8 35. Qg6 Rfg8 36. Qf7 Nd8 37. Qf3 Rf8 38. Qe2 Nc6 39. Bg3 Rf7 40. Nxd5 Nxd5
41. Rxd5+ Kc8 42. Rdb5 Na5 43. Ne3 Ba3 44. d5 Re8 45. dxe6 Rc7 46. Qc2 Nb3 47.
Rd5 Bc5 48. Nf5 Qc6 49. Qg2 1-0

[Event "GRENKE Chess Open 2018"]
[Site "Karlsruhe GER"]
[Date "2018.04.01"]
[Round "6.20"]
[White "Mikhalevski, Victor"]
[Black "Chernov, Vadim"]
[Result "0-1"]
[WhiteTitle "GM"]
[BlackTitle "IM"]
[WhiteElo "2557"]
[BlackElo "2407"]
[WhiteFideId "2801914"]
[BlackFideId "1210629"]
[EventDate "2018.03.29"]

1. d4 Nf6 2. Bg5 Ne4 3. Bf4 c5 4. f3 Qa5+ 5. c3 Nf6 6. d5 Qb6 7. Bc1 e6 8. e4
exd5 9. exd5 Bd6 10. Na3 O-O 11. Nc4 Re8+ 12. Kf2 Qc7 13. Bg5 Nh5 14. g4 Bg3+
15. Kg2 Bf4 16. d6 Qc6 17. Nh3 Bxg5 18. Nxg5 Nf6 19. Bd3 h6 20. Re1 Rxe1 21.
Qxe1 Qd5 22. Qe7 Nc6 23. Ne4 Nxe7 24. dxe7 Ne8 25. Ncd6 Qxd6 26. Nxd6 Nxd6 27.
Rd1 Ne8 28. Bb5 Nc7 29. Bxd7 Bxd7 30. Rxd7 Ne6 31. Rxb7 a5 32. f4 Nxf4+ 33. Kf3
Ng6 34. Ra7 Rb8 35. Ke4 Re8 36. Kd5 Rxe7 37. Rxa5 Nf4+ 38. Kd6 Re6+ 39. Kd7 Nd3
40. Rb5 c4 41. a4 Ra6 42. a5 Nc1 43. Rc5 Nb3 44. Rxc4 Rxa5 45. Rb4 Nc5+ 46. Kd6
Kh7 47. Rc4 Nb3 48. Rb4 Nd2 49. Rd4 Nb3 50. Rb4 Nc5 51. Rc4 Na4 52. b3 Ra6+ 53.
Ke5 Nb2 54. Rc7 f6+ 55. Kd5 Ra5+ 56. Ke4 Rg5 57. h3 h5 58. Rd7 hxg4 59. hxg4
Rxg4+ 60. Kf3 Rg1 61. Rd2 Rb1 62. Ke2 g5 63. c4 Kg6 64. c5 Rc1 65. Rxb2 Rxc5 66.
b4 Rb5 67. Kd3 g4 68. Kc4 Rb8 69. Kc5 f5 70. Kc6 Kg5 71. Kc7 Rf8 72. b5 g3 73.
b6 f4 74. b7 f3 75. Rb5+ Kf4 76. Rb4+ Ke3 77. Rb3+ Kf2 78. Rb2+ Kg1 79. Rb3 Kg2
80. b8=Q Rxb8 81. Rxb8 f2 82. Rb2 Kg1 83. Rb3 g2 0-1

[Event "GRENKE Chess Open 2018"]
[Site "Karlsruhe GER"]
[Date "2018.04.01"]
[Round "6.21"]
[White "Santos Latasa, Jaime"]
[Black "Bakalchuk, Johnatan"]
[Result "1-0"]
[WhiteTitle "IM"]
[BlackTitle "FM"]
[WhiteElo "2549"]
[BlackElo "2405"]
[WhiteFideId "2293307"]
[BlackFideId "2810301"]
[EventDate "2018.03.29"]

1. e4 c5 2. Nf3 d6 3. Bb5+ Bd7 4. c4 Nf6 5. Nc3 g6 6. O-O Bg7 7. d4 cxd4 8. Nxd4
O-O 9. h3 Nc6 10. Be3 a6 11. Bxc6 bxc6 12. c5 Qb8 13. Rb1 Rd8 14. Nf3 d5 15. e5
Ne4 16. Bd4 Bf5 17. Na4 f6 18. exf6 exf6 19. Nb6 Ra7 20. Qa4 Bf8 21. Rbc1 Rc7
22. Rfe1 g5 23. Nh2 Re8 24. b4 Bg7 25. Nf1 g4 26. Ne3 Be6 27. hxg4 h5 28. gxh5
f5 29. Bxg7 Kxg7 30. f3 Ng3 31. b5 axb5 32. Qf4 Rce7 33. Qxb8 Rxb8 34. Nc2 Rbe8
35. Nd4 Bf7 36. Rxe7 Rxe7 37. Kh2 f4 38. Nxc6 Re2 39. Nd4 Rd2 40. Nb3 Rxa2 41.
c6 Nf5 42. c7 1-0

[Event "GRENKE Chess Open 2018"]
[Site "Karlsruhe GER"]
[Date "2018.04.01"]
[Round "6.22"]
[White "Danin, Alexandre"]
[Black "Menezes, Christoph"]
[Result "1/2-1/2"]
[WhiteTitle "GM"]
[BlackTitle "IM"]
[WhiteElo "2540"]
[BlackElo "2400"]
[WhiteFideId "4144031"]
[BlackFideId "1617001"]
[EventDate "2018.03.29"]

1. e4 e5 2. Nf3 Nc6 3. d4 exd4 4. Nxd4 Nf6 5. Nxc6 bxc6 6. e5 Qe7 7. Qe2 Nd5 8.
c4 Ba6 9. Nd2 g6 10. Nf3 Qb4+ 11. Kd1 Nb6 12. b3 Bg7 13. Qd2 Qxd2+ 14. Bxd2 c5
15. Kc2 O-O 16. Re1 Bb7 17. Be3 d6 18. exd6 cxd6 19. Rg1 Rfe8 20. Bd3 d5 21. Nd2
Rac8 22. f3 dxc4 23. Nxc4 Nd5 24. Bd2 Nb4+ 25. Bxb4 cxb4 26. Rxe8+ Rxe8 27. Nd6
Re7 28. Nxb7 Rxb7 29. Re1 Kf8 30. Re4 Rc7+ 31. Rc4 Rxc4+ 1/2-1/2

[Event "GRENKE Chess Open 2018"]
[Site "Karlsruhe GER"]
[Date "2018.04.01"]
[Round "6.23"]
[White "Kuljasevic, Davorin"]
[Black "Horton, Andrew P"]
[Result "1/2-1/2"]
[WhiteTitle "GM"]
[BlackTitle "FM"]
[WhiteElo "2538"]
[BlackElo "2393"]
[WhiteFideId "14506661"]
[BlackFideId "424269"]
[EventDate "2018.03.29"]

1. d4 Nf6 2. c4 e6 3. Nf3 Bb4+ 4. Nbd2 b6 5. a3 Bxd2+ 6. Qxd2 Bb7 7. e3 O-O 8.
Be2 a5 9. b3 d6 10. O-O Nbd7 11. Bb2 Ne4 12. Qc2 f5 13. d5 e5 14. Nd2 Nxd2 15.
Qxd2 Qe7 16. b4 Ra7 17. Rad1 Nf6 18. Bd3 Qd7 19. f4 e4 20. Bc2 Qe7 21. Bb3 axb4
22. axb4 Rfa8 23. Bd4 Qd8 24. Qb2 Bc8 25. Ra1 Kf7 26. Rxa7 Rxa7 27. c5 bxc5 28.
bxc5 Ra8 29. Rc1 Ba6 30. Qc3 Kg6 31. h3 Bd3 32. Qe1 h6 33. cxd6 cxd6 34. Rc6 Bb5
35. Rc1 Be8 36. Qh4 Nh5 37. Qf2 Nf6 38. Qh4 Nh5 39. Qxd8 Rxd8 40. g4 Nf6 41.
gxf5+ Kxf5 42. Rc7 Rd7 43. Rxd7 1/2-1/2

[Event "GRENKE Chess Open 2018"]
[Site "Karlsruhe GER"]
[Date "2018.04.01"]
[Round "6.25"]
[White "Burmakin, Vladimir"]
[Black "Schmidek, Emil"]
[Result "1-0"]
[WhiteTitle "GM"]
[BlackTitle "FM"]
[WhiteElo "2522"]
[BlackElo "2389"]
[WhiteFideId "4105109"]
[BlackFideId "12908150"]
[EventDate "2018.03.29"]

1. Nf3 Nf6 2. g3 g6 3. b3 Bg7 4. Bb2 O-O 5. Bg2 d5 6. c4 dxc4 7. bxc4 c5 8. O-O
Nc6 9. d3 Qc7 10. Nc3 a6 11. Rb1 Rb8 12. Bc1 b5 13. cxb5 axb5 14. Nxb5 Qa5 15.
a4 Bd7 16. Be3 Nd5 17. Bxc5 Nc3 18. Nxc3 Qxc5 19. Nb5 Na7 20. d4 Qb6 21. Nc3 Qa5
22. Qd2 Rxb1 23. Rxb1 Rc8 24. Ne4 Qxd2 25. Nexd2 Nc6 26. Rb7 Be6 27. e3 Bf6 28.
h4 Na5 29. Rb5 Nc4 30. Ne4 Na3 31. Rc5 Ra8 32. Nxf6+ exf6 33. a5 Ra7 34. Nd2 Bd7
35. Bf1 Kf8 36. a6 Ke7 37. Bd3 1-0

[Event "GRENKE Chess Open 2018"]
[Site "Karlsruhe GER"]
[Date "2018.04.01"]
[Round "6.26"]
[White "Keymer, Vincent"]
[Black "Valsecchi, Alessio"]
[Result "1-0"]
[WhiteTitle "IM"]
[BlackTitle "IM"]
[WhiteElo "2403"]
[BlackElo "2510"]
[WhiteFideId "12940690"]
[BlackFideId "818860"]
[EventDate "2018.03.29"]

1. Nf3 c5 2. c4 Nf6 3. d4 e6 4. Nc3 cxd4 5. Nxd4 Nc6 6. g3 Qb6 7. Nf3 Bb4 8. Bg2
Ne4 9. O-O Nxc3 10. bxc3 Be7 11. Be3 Qc7 12. c5 O-O 13. Nd4 Nxd4 14. cxd4 d5 15.
cxd6 Bxd6 16. Qb3 Rb8 17. Rac1 Qe7 18. Rfd1 b5 19. Bc6 a6 20. Rc2 Bb7 21. d5
exd5 22. Rxd5 Bc8 23. Qd3 Bb4 24. Bg5 Qe6 25. Qd4 Be7 26. Bf4 Qg6 27. Rc1 Be6
28. Bxb8 Bxd5 29. Bxd5 Rxb8 30. Qa7 Qd6 31. Rc6 Qe5 32. f4 Qxd5 33. Qxb8+ Bf8
34. Qb6 Qxa2 35. Qe3 a5 36. Rc8 Qb1+ 37. Kg2 Qb4 38. Qd3 Qe7 39. Qxb5 Qe4+ 40.
Kg1 Qd4+ 41. Kf1 a4 42. Qc4 Qd1+ 43. Kg2 a3 44. Qd3 Qa4 45. Qd6 1-0

[Event "GRENKE Chess Open 2018"]
[Site "Karlsruhe GER"]
[Date "2018.04.01"]
[Round "6.27"]
[White "Kanarek, Marcel"]
[Black "Meinhardt, Maximilian"]
[Result "1/2-1/2"]
[WhiteTitle "GM"]
[BlackTitle "IM"]
[WhiteElo "2506"]
[BlackElo "2388"]
[WhiteFideId "1126822"]
[BlackFideId "4668766"]
[EventDate "2018.03.29"]

1. c4 e6 2. Nc3 d5 3. d4 c6 4. Nf3 dxc4 5. a4 Bb4 6. e3 b5 7. Bd2 a5 8. axb5
Bxc3 9. Bxc3 cxb5 10. b3 Bb7 11. bxc4 b4 12. Bb2 Nf6 13. c5 O-O 14. Bb5 Qd5 15.
O-O Nbd7 16. Ne1 Nb6 17. Qe2 Nc8 18. f3 Bc6 19. Bc4 Qd7 20. Nd3 Qb7 21. Ne5 Be8
22. Rfb1 Ne7 23. e4 Qc7 1/2-1/2

[Event "GRENKE Chess Open 2018"]
[Site "Karlsruhe GER"]
[Date "2018.04.01"]
[Round "6.28"]
[White "Tomczak, Mikolaj"]
[Black "Riff, Jean-Noel"]
[Result "1/2-1/2"]
[WhiteTitle "FM"]
[BlackTitle "GM"]
[WhiteElo "2394"]
[BlackElo "2503"]
[WhiteFideId "1175114"]
[BlackFideId "611190"]
[EventDate "2018.03.29"]

1. d4 Nf6 2. c4 e6 3. Nc3 Bb4 4. Qc2 d5 5. a3 Bxc3+ 6. Qxc3 c5 7. cxd5 cxd4 8.
Qxd4 Nc6 9. Qh4 exd5 10. Bg5 O-O 1/2-1/2

[Event "GRENKE Chess Open 2018"]
[Site "Karlsruhe GER"]
[Date "2018.04.01"]
[Round "6.29"]
[White "Korpa, Bence"]
[Black "Zeller, Frank"]
[Result "1/2-1/2"]
[WhiteTitle "GM"]
[BlackTitle "IM"]
[WhiteElo "2502"]
[BlackElo "2383"]
[WhiteFideId "706671"]
[BlackFideId "4613007"]
[EventDate "2018.03.29"]

1. d4 Nf6 2. c4 c5 3. Nf3 cxd4 4. Nxd4 Nc6 5. Nc3 e6 6. Ndb5 d5 7. Bf4 e5 8.
cxd5 exf4 9. dxc6 bxc6 10. Qxd8+ Kxd8 11. Rd1+ Bd7 12. Nd6 Kc7 13. Nxf7 Rg8 14.
g3 Rb8 15. Rd2 Bb4 16. Ne5 Ba5 17. Nxd7 Rxb2 18. Rxb2 Bxc3+ 19. Kd1 Bxb2 20. Nc5
Ng4 21. Kc2 Nxf2 22. Rg1 1/2-1/2

[Event "GRENKE Chess Open 2018"]
[Site "Karlsruhe GER"]
[Date "2018.04.01"]
[Round "6.31"]
[White "Sinz, Bernhard"]
[Black "Kuipers, Stefan"]
[Result "1-0"]
[WhiteTitle "FM"]
[BlackTitle "IM"]
[WhiteElo "2386"]
[BlackElo "2468"]
[WhiteFideId "4618807"]
[BlackFideId "1018400"]
[EventDate "2018.03.29"]

1. e4 e6 2. d4 d5 3. Nc3 Nf6 4. e5 Nfd7 5. f4 c5 6. Nf3 Nc6 7. Be3 a6 8. Qd2 b5
9. dxc5 Bxc5 10. Bd3 Qb6 11. Bf2 h6 12. a3 O-O 13. O-O Ra7 14. b4 Bxf2+ 15. Rxf2
f6 16. exf6 Nxf6 17. Kh1 Qc7 18. Rff1 e5 19. Bxb5 axb5 20. Nxb5 Qb7 21. Nxa7
Nxa7 22. fxe5 Ne4 23. Qe3 Nb5 24. a4 Nbc3 25. b5 Bd7 26. Nd2 Rxf1+ 27. Rxf1 Nxd2
28. Qxd2 Nxa4 29. Qb4 Qxb5 30. Rf8+ Kh7 31. Qxb5 Bxb5 32. e6 Nc5 33. e7 Kg6 34.
e8=Q+ Bxe8 35. Rxe8 Kf5 36. Kg1 Ne6 37. Kf2 h5 38. Ke3 h4 39. Ra8 g5 40. Ra5 1-0

[Event "GRENKE Chess Open 2018"]
[Site "Karlsruhe GER"]
[Date "2018.04.01"]
[Round "6.32"]
[White "Pavlovic, Milos"]
[Black "Parvanyan, Ashot"]
[Result "1-0"]
[WhiteTitle "GM"]
[BlackTitle "FM"]
[WhiteElo "2466"]
[BlackElo "2379"]
[WhiteFideId "900389"]
[BlackFideId "13307550"]
[EventDate "2018.03.29"]

1. d4 Nf6 2. Nf3 g6 3. g3 Bg7 4. Bg2 O-O 5. O-O d6 6. b3 c5 7. c4 Nc6 8. Bb2 Ne4
9. e3 Bg4 10. Qc1 Qc7 11. d5 Na5 12. Bxg7 Kxg7 13. Nh4 Nf6 14. Nd2 Bd7 15. Qc3
b5 16. e4 Rab8 17. f4 b4 18. Qb2 e5 19. dxe6 fxe6 20. Nhf3 Nc6 21. e5 dxe5 22.
fxe5 Ng4 23. Rae1 Ne7 24. h3 Nh6 25. Ne4 Nf7 26. g4 h6 27. Rd1 Bc6 28. Nxc5 Qb6
29. Qd4 Bxf3 30. Bxf3 Ng5 31. Bg2 Rbd8 32. Nd7 Rxf1+ 33. Kxf1 Qa5 34. Qf2 Rf8 1-0

[Event "GRENKE Chess Open 2018"]
[Site "Karlsruhe GER"]
[Date "2018.04.01"]
[Round "6.33"]
[White "Philippe, Christophe"]
[Black "Hirneise, Tobias"]
[Result "0-1"]
[WhiteTitle "IM"]
[BlackTitle "IM"]
[WhiteElo "2383"]
[BlackElo "2463"]
[WhiteFideId "610038"]
[BlackFideId "24600881"]
[EventDate "2018.03.29"]

1. e4 e5 2. Nf3 Nc6 3. Nc3 Nf6 4. d4 exd4 5. Nxd4 Bb4 6. Nxc6 bxc6 7. Bd3 O-O 8.
O-O d5 9. exd5 cxd5 10. Bg5 c6 11. Qf3 Bd6 12. h3 Rb8 13. Rab1 h6 14. Bf4 Re8
15. b3 Be6 16. Na4 c5 17. Bxd6 Qxd6 18. Rbd1 Bd7 19. Nc3 Bc6 20. Qg3 Qxg3 21.
fxg3 Re3 22. Rf3 Re6 23. Rf2 Rbe8 24. Bb5 d4 25. Bxc6 Rxc6 26. Na4 Re3 27. Rd3
Re1+ 28. Rf1 Re2 29. Rf2 Re4 30. Nb2 Re1+ 31. Kh2 Rb1 32. Nc4 Re6 33. g4 Ree1
34. Nd6 h5 35. Kg3 hxg4 36. hxg4 Re6 37. g5 Nh5+ 38. Kg4 g6 39. Nc4 Re4+ 40. Kf3
Rf4+ 41. Ke2 Rc1 42. Rd2 Rxf2+ 43. Kxf2 Nf4 44. Nd6 Ne6 45. Ne4 Kf8 46. Re2 Nf4
47. Rd2 Ne6 48. Re2 Ra1 49. a4 c4 50. bxc4 Rxa4 51. c5 Rc4 52. Ke1 Kg7 53. Kd2
Nxc5 54. Nd6 Rb4 55. Re7 a5 56. Rxf7+ Kg8 57. Ra7 Rb2 58. Kc1 Ra2 59. Kb1 Ra4
60. Kb2 Rb4+ 61. Ka3 Ra4+ 62. Kb2 Rb4+ 63. Ka3 Ra4+ 64. Kb2 d3 65. cxd3 Nxd3+
66. Kc3 Nf4 67. Kb3 Rb4+ 68. Ka3 Rd4 69. Ne8 Nxg2 70. Nf6+ Kf8 71. Rxa5 Kf7 72.
Ra6 Nf4 73. Nh7 Nh3 74. Ra7+ Ke6 75. Nf8+ Kf5 76. Ra5+ Kg4 77. Nxg6 Nxg5 78.
Ne5+ Kf4 79. Nc6 Rd3+ 80. Kb2 Ne4 81. Ra4 Rd6 82. Nb4 Kf3 83. Nc2 Rb6+ 84. Rb4
Ra6 85. Kc1 Nf2 86. Kb2 Nd3+ 87. Kc3 Nxb4 88. Nxb4 Ra8 89. Kd4 Rb8 90. Nd5 Rd8
91. Ke5 Ke2 92. Nf6 Ra8 93. Ne4 Re8+ 94. Kd5 Rd8+ 95. Kc4 Ke3 96. Nc5 Rc8 97.
Kd5 Ra8 98. Ne6 Ra5+ 99. Kc4 Re5 100. Nc5 Re7 101. Nb3 Ke4 102. Kc5 Rc7+ 103.
Kd6 Rh7 104. Nc5+ Ke3 105. Ne6 Kd2 106. Ke5 Kc1 107. Ke4 Kb2 108. Kd5 Ka1 109.
Ke5 0-1

[Event "GRENKE Chess Open 2018"]
[Site "Karlsruhe GER"]
[Date "2018.04.01"]
[Round "6.34"]
[White "Basso, Pier Luigi"]
[Black "Vijayalakshmi, Subbaraman"]
[Result "1/2-1/2"]
[WhiteTitle "IM"]
[BlackTitle "IM"]
[WhiteElo "2459"]
[BlackElo "2345"]
[WhiteFideId "866970"]
[BlackFideId "5004098"]
[EventDate "2018.03.29"]

1. d4 d6 2. g3 g6 3. Bg2 Bg7 4. Nf3 Nf6 5. O-O O-O 6. b3 Nbd7 7. Bb2 e5 8. dxe5
Ng4 9. c4 Ngxe5 10. Nc3 Nxf3+ 11. Bxf3 Ne5 12. Bg2 Nc6 13. Qd2 Be6 14. Rad1 Qf6
15. Rb1 Rae8 16. Nb5 Qe7 17. Bxg7 Kxg7 18. Nxa7 Nxa7 19. Qd4+ Kg8 20. Qxa7 Ra8
21. Qxb7 Rxa2 22. e3 Bf5 23. e4 Bc8 24. Qd5 Qf6 25. Qc6 Bg4 26. e5 Qxe5 27. Rbe1
Qf6 28. Re3 Be2 29. Re1 Bg4 30. Bf3 Bh3 31. Qxc7 Qb2 32. Be2 Qd2 33. Rd1 Rfa8
34. Qc6 Qc2 35. Qe4 Qxe4 36. Rxe4 Rb2 37. Bf1 Bf5 38. Rf4 Rxb3 39. Rxd6 Ra1 40.
Kg2 Rbb1 41. Bd3 Rg1+ 42. Kf3 Ra3 43. Ke2 Ra2+ 44. Ke3 Re1+ 45. Kf3 Ra3 46. Rfd4
Rc1 47. Ke2 Bxd3+ 48. Rxd3 Rxd3 49. Rxd3 Rxc4 50. h4 1/2-1/2

[Event "GRENKE Chess Open 2018"]
[Site "Karlsruhe GER"]
[Date "2018.04.01"]
[Round "6.35"]
[White "Fries-Nielsen, Jens Ove"]
[Black "Krause, Benedict"]
[Result "1/2-1/2"]
[WhiteTitle "IM"]
[BlackTitle "FM"]
[WhiteElo "2359"]
[BlackElo "2456"]
[WhiteFideId "1400142"]
[BlackFideId "12917990"]
[EventDate "2018.03.29"]

1. e4 c5 2. Nf3 e6 3. Nc3 Nc6 4. g4 d5 5. g5 Nge7 6. h4 g6 7. h5 Bg7 8. h6 Bd4
9. d3 O-O 10. Bd2 Bh8 11. Nh2 d4 12. Ne2 e5 13. Ng3 Be6 14. Ng4 Nc8 15. Rg1 Nd6
16. Bh3 Qd7 17. Qf3 b5 18. Kf1 Qe7 19. Re1 Bxg4 20. Qxg4 Rae8 21. Kg2 Nd8 22.
Kh2 Ne6 23. Rg2 1/2-1/2

[Event "GRENKE Chess Open 2018"]
[Site "Karlsruhe GER"]
[Date "2018.04.01"]
[Round "6.37"]
[White "Soham, Das"]
[Black "Firat, Burak"]
[Result "0-1"]
[BlackTitle "GM"]
[WhiteElo "2275"]
[BlackElo "2453"]
[WhiteFideId "35026763"]
[BlackFideId "6305881"]
[EventDate "2018.03.29"]

1. e4 e6 2. d4 d5 3. Nc3 Bb4 4. e5 c5 5. a3 Bxc3+ 6. bxc3 Qa5 7. Bd2 Qa4 8. Qg4
Kf8 9. Qd1 b6 10. dxc5 bxc5 11. c4 Ne7 12. c3 Qxd1+ 13. Rxd1 Nd7 14. Be3 Rb8 15.
a4 Rb3 16. cxd5 Nxd5 17. Bxc5+ Nxc5 18. c4 Nf4 19. Rd8+ Ke7 20. Rxh8 Ne4 21. Be2
Bd7 22. Nh3 Nxg2+ 23. Kf1 Nh4 24. Bd1 Rxh3 25. Rxh7 Nd2+ 26. Ke2 Nxc4 27. f3
Nxe5 28. Kf2 Nd3+ 29. Ke3 Nf5+ 0-1

[Event "GRENKE Chess Open 2018"]
[Site "Karlsruhe GER"]
[Date "2018.04.01"]
[Round "6.38"]
[White "Beerdsen, Thomas"]
[Black "Petkidis, Anthony"]
[Result "1/2-1/2"]
[WhiteTitle "IM"]
[WhiteElo "2444"]
[BlackElo "2314"]
[WhiteFideId "1030108"]
[BlackFideId "24673390"]
[EventDate "2018.03.29"]

1. e4 e5 2. Bc4 Nc6 3. Nc3 Nf6 4. d3 Na5 5. Nf3 Nxc4 6. dxc4 Bb4 7. Qd3 d6 8.
Bd2 Bxc3 9. Bxc3 Nd7 10. O-O-O O-O 11. Qe3 Qe7 12. h4 Nc5 13. h5 h6 14. Rdg1 f5
15. exf5 Bxf5 16. Nh4 Qg5 17. Bd2 Qxe3 18. Bxe3 Ne6 19. Rh2 Be4 20. f3 Bh7 21.
g3 a6 22. Rd2 b6 23. Rdg2 b5 24. cxb5 axb5 25. a3 d5 26. g4 b4 27. g5 bxa3 28.
bxa3 Rxa3 29. gxh6 Rxe3 30. Rxg7+ Nxg7 31. Rxg7+ Kh8 32. Ng6+ Bxg6 33. hxg6 Rf6
34. Rh7+ Kg8 35. Rg7+ Kh8 36. Rh7+ Kg8 37. Rg7+ Kf8 38. Rxc7 Rxg6 39. Rc8+ Ke7
40. h7 Rh6 41. h8=Q Rxh8 42. Rxh8 Rxf3 43. Kd2 Ke6 44. c3 Kf5 45. Rh4 Rf4 46.
Rh1 Rf3 47. Rh4 Kg5 48. Rh8 e4 49. Rd8 Rd3+ 50. Ke2 Kf6 51. Rf8+ Ke7 52. Rc8 Kd6
53. Ke1 Kd7 54. Rc5 Kd6 55. Rc8 Rh3 56. Ke2 Rh2+ 57. Ke3 Rh3+ 58. Ke2 Rh1 59.
Ke3 Rc1 60. Kd2 Rf1 61. Ke3 Rf3+ 62. Ke2 Ke5 63. Re8+ Kf4 64. Rf8+ Kg3 65. Rg8+
Kh3 66. Rh8+ Kg2 67. Rg8+ Rg3 68. Rxg3+ Kxg3 69. Ke3 Kg4 70. c4 dxc4 71. Kxe4 1/2-1/2

[Event "GRENKE Chess Open 2018"]
[Site "Karlsruhe GER"]
[Date "2018.04.01"]
[Round "6.39"]
[White "Moucheroud, Jeremy"]
[Black "Vogel, Roven"]
[Result "1/2-1/2"]
[BlackTitle "IM"]
[WhiteElo "2179"]
[BlackElo "2438"]
[WhiteFideId "652288"]
[BlackFideId "12908088"]
[EventDate "2018.03.29"]

1. e4 c6 2. d4 d5 3. Nc3 dxe4 4. Nxe4 Bf5 5. Ng3 Bg6 6. h4 h6 7. Nf3 e6 8. h5
Bh7 9. Bd3 Bxd3 10. Qxd3 Nf6 11. Bd2 c5 12. O-O-O Nc6 13. Be1 Qc7 14. Qc4 cxd4
15. Nxd4 Qf4+ 16. Rd2 Nxd4 17. Qxd4 Qxd4 18. Rxd4 Rc8 19. Bb4 Bxb4 20. Rxb4 Rc7
21. Ne4 Ke7 22. Nxf6 gxf6 23. Rhh4 f5 24. Rhc4 Kd7 25. Kd2 Rg8 26. g3 Rg5 27.
Rxc7+ Kxc7 28. Rh4 Kc6 1/2-1/2

[Event "GRENKE Chess Open 2018"]
[Site "Karlsruhe GER"]
[Date "2018.04.01"]
[Round "6.40"]
[White "Vinke, Andreas"]
[Black "Vrolijk, Liam"]
[Result "0-1"]
[BlackTitle "FM"]
[WhiteElo "2162"]
[BlackElo "2433"]
[WhiteFideId "4644662"]
[BlackFideId "1048333"]
[EventDate "2018.03.29"]

1. c4 e5 2. g3 c6 3. d4 e4 4. Nc3 d5 5. cxd5 cxd5 6. Qb3 Ne7 7. Bf4 a6 8. Bh3
Bxh3 9. Nxh3 Nbc6 10. Qxb7 Ra7 11. Qb3 Qd7 12. g4 h5 13. Be3 hxg4 14. Nf4 Rb7
15. Qa4 g5 16. Ng2 Bh6 17. O-O-O O-O 18. Rdf1 f5 19. h4 gxh3 20. Rxh3 Rf6 21.
Rfh1 Kg7 22. f4 exf3 23. exf3 f4 24. Bf2 Nf5 25. Ne1 Rb4 26. Qxa6 Rc4 27. Qb5
Ng3 28. Bxg3 fxg3 29. Rxg3 Qd6 30. Rg4 Nxd4 31. Qb7+ Rc7 32. Qa8 Ne2+ 33. Kc2
Nxc3 34. bxc3 Qe5 35. Qa5 Rfc6 36. Kb1 Rxc3 37. Ng2 Qf5+ 38. Ka1 Rc1+ 39. Rxc1
Rxc1+ 40. Kb2 Rc2+ 41. Kb3 Qd3+ 42. Kb4 Qd2+ 0-1

[Event "GRENKE Chess Open 2018"]
[Site "Karlsruhe GER"]
[Date "2018.04.01"]
[Round "6.41"]
[White "Carlstedt, Jonathan"]
[Black "Lavrinenkov, Vadim"]
[Result "0-1"]
[WhiteTitle "IM"]
[WhiteElo "2432"]
[BlackElo "2249"]
[WhiteFideId "24614386"]
[BlackFideId "12908452"]
[EventDate "2018.03.29"]

1. d4 d5 2. c4 dxc4 3. e4 Nf6 4. e5 Nd5 5. Bxc4 Nb6 6. Bb3 Bf5 7. Nc3 e6 8. g4
Bg6 9. h4 h5 10. g5 Nc6 11. Nge2 Bb4 12. a3 Ba5 13. O-O Ne7 14. Nf4 Qd7 15. Be3
c6 16. Bxe6 fxe6 17. b4 Bxb4 18. axb4 Kf7 19. Qf3 Bf5 20. Rfc1 Bg4 21. Qh1 Nbd5
22. Ne4 Nxf4 23. Nd6+ Kg6 24. Bxf4 a6 25. Ra3 Raf8 26. Bg3 Nc8 27. Qe4+ Bf5 28.
Qe3 Kh7 29. Qe2 Bg6 30. Re3 Ne7 31. Rf3 Nf5 32. Rd1 Qc7 33. Rf4 Ne7 34. Rxf8
Rxf8 35. Rc1 Nd5 36. Qd2 Qb6 37. Kg2 Nxb4 38. Qb2 a5 39. Qb3 Qxd4 40. Qxe6 Nd3
41. Rf1 Nf4+ 42. Bxf4 Rxf4 43. f3 Rxh4 44. Nf5 Qd2+ 45. Rf2 Rh2+ 0-1

[Event "GRENKE Chess Open 2018"]
[Site "Karlsruhe GER"]
[Date "2018.04.01"]
[Round "6.42"]
[White "Bacrot, Etienne"]
[Black "Wild, Achim"]
[Result "1-0"]
[WhiteTitle "GM"]
[WhiteElo "2718"]
[BlackElo "2244"]
[WhiteFideId "605506"]
[BlackFideId "4658728"]
[EventDate "2018.03.29"]

1. e4 d6 2. Nc3 e5 3. Nf3 Nf6 4. Bc4 Be7 5. O-O O-O 6. d3 Nc6 7. a3 Bg4 8. h3
Bh5 9. Be3 Nd4 10. Bxd4 exd4 11. Nd5 Nxd5 12. Bxd5 Bxf3 13. Qxf3 c6 14. Bb3 Rc8
15. Qg4 Bf6 16. Rae1 Rc7 17. f4 Re7 18. Kh2 Qc7 19. g3 Kh8 20. h4 Ree8 21. Qf3
b5 22. Re2 d5 23. Rfe1 dxe4 24. dxe4 c5 25. e5 Be7 26. Bd5 c4 27. f5 Bc5 28. f6
g6 29. h5 d3 30. cxd3 1-0

[Event "GRENKE Chess Open 2018"]
[Site "Karlsruhe GER"]
[Date "2018.04.01"]
[Round "6.43"]
[White "Kasimdzhanov, Rustam"]
[Black "Obolentseva, Alexandra"]
[Result "1-0"]
[WhiteTitle "GM"]
[BlackTitle "WIM"]
[WhiteElo "2676"]
[BlackElo "2350"]
[WhiteFideId "14200244"]
[BlackFideId "24153648"]
[EventDate "2018.03.29"]

1. e4 c5 2. Nf3 d6 3. d4 cxd4 4. Nxd4 Nf6 5. Nc3 a6 6. Bg5 Nbd7 7. Qe2 g6 8.
O-O-O Bg7 9. f4 O-O 10. g4 h6 11. Bxf6 Nxf6 12. f5 Nd7 13. Qe3 Ne5 14. Be2 Bd7
15. h4 Rc8 16. g5 h5 17. Rhf1 Nc4 18. Bxc4 Rxc4 19. Nd5 e6 20. Nf6+ Bxf6 21.
gxf6 exf5 22. Nxf5 Bxf5 23. Rxf5 Kh7 24. Rdd5 Rc5 25. Rxc5 1-0